[Event "Maotai Prince Cup Queens"]
[Site "JinZhou CHN"]
[Date "2009.09.23"]
[Round "6"]
[White "Hou Yifan"]
[Black "Xu Yuhua"]
[Result "1-0"]
[WhiteElo "2585"]
[BlackElo "2485"]

1.e4 e6 2.d4 d5 3.Nc3 Nf6 4.Bg5 dxe4 5.Nxe4 Nbd7 6.Nf3 h6 7.Bh4 c5 8.Nxf6+ Nxf6
9.Bd3 cxd4 10.Nxd4 Bc5 11.Nf3 O-O 12.Qe2 Be7 13.O-O Qc7 14.Rad1 Rd8 15.Ne5 Bd7
16.Bg3 Qc5 17.a3 a5 18.Nxd7 Rxd7 19.Be5 Rad8 20.g3 Ng4 21.Bf4 Qh5 22.f3 Nf6
23.Kh1 Nd5 24.Qe4 Bf6 25.Bc1 Ne7 26.Qe1 Nc6 27.Qf2 Bd4 28.Qe2 Be5 29.f4 Qxe2
30.Bxe2 Rxd1 31.Rxd1 Rxd1+ 32.Bxd1 Bf6 33.Kg2 Kf8 34.c3 Ke7 35.Kf3 Kd6 36.Ke4 Bd8
37.Be3 b5 38.b4 f5+ 39.Kd3 e5 40.Bc5+ Kd7 41.a4 exf4 42.axb5 Ne5+ 43.Kd4 fxg3
44.hxg3 Ng6 45.bxa5 Bxa5 46.Bf3 Ne7 47.Kc4 Bc7 48.Bf2 g5 49.b6 Bb8 50.Kb5 g4
51.Bb7 f4 52.gxf4 Nf5 53.Bc6+ Ke6 54.c4 h5 55.Bd5+ Kd6 56.Be4 Ke6 57.c5 Bxf4
58.Bxf5+ Kxf5 59.c6 Ke6 60.Ka6 g3 61.Bxg3 Bxg3 62.c7  1-0

[Event "Maotai Prince Cup Queens"]
[Site "JinZhou CHN"]
[Date "2009.09.24"]
[Round "7"]
[White "Shen Yang"]
[Black "Hou Yifan"]
[Result "0-1"]
[WhiteElo "2453"]
[BlackElo "2585"]

1.d4 Nf6 2.c4 c5 3.d5 e6 4.Nc3 exd5 5.cxd5 d6 6.Nf3 g6 7.e4 a6 8.Qe2 Be7
9.a4 Bg4 10.Bh6 Bf8 11.Bg5 Nbd7 12.h3 Bxf3 13.Qxf3 Bg7 14.Be2 O-O 15.O-O Qe7
16.Qe3 Rfe8 17.Rfe1 Qf8 18.Bf4 Rab8 19.a5 Qe7 20.Ra4 Red8 21.Bg5 Qf8 22.Kh1 Re8
23.Ra2 Nxe4 24.Nxe4 f5 25.f3 Bd4 26.Qd3 fxe4 27.fxe4 Bf6 28.Be3 Qe7 29.Bf3 Bg5
30.Bg1 Ne5 31.Qd1 Rf8 32.Be2 Rf4 33.Ra4 Rbf8 34.Bh2 R4f7 35.Ra3 Bf4 36.Bg1 h5
37.Rf1 Qg5 38.Rb3 Bd2 39.Rb6 Rd7 40.Rxf8+ Kxf8 41.Qb3 Qe7 42.Qa3 Kg7 43.Bh2 Qh4
44.Qg3 Qxg3 45.Bxg3 Kf6 46.Rb3 Bxa5 47.Bf4 Bd8 48.h4 Kg7 49.g3 Bf6 50.Kg2 Kf8
51.Kf1 Ke8 52.Ke1 Kd8 53.Kd1 Kc7 54.Ra3 Re7 55.Kc2 Nd7 56.Re3 Be5 57.Bg5 Rf7
58.g4 hxg4 59.Bxg4 Rf2+ 60.Re2 Rxe2+ 61.Bxe2 Bf6 62.Bxf6 Nxf6 63.Kd3 Kd7
64.Ke3 Ke7 65.Kf4 b5 66.Bf3 Nd7 67.h5 Ne5 68.b3 c4 69.Bd1 c3 70.Ke3 b4 71.Be2 a5
72.Bb5 Nf3 73.Bd3 Ne1 74.Be2 Kf6 75.Bc4 Ke5 76.Bb5 Nc2+  0-1

[Event "3rd Asian Indoor Team Rapid Prelim"]
[Site "Ha Long City VIE"]
[Date "2009.11.05"]
[Round "2"]
[White "Hou Yifan"]
[Black "Pourkashiyan,A"]
[Result "1/2-1/2"]
[WhiteElo "2588"]
[BlackElo "2306"]

1.e4 e5 2.Nf3 Nf6 3.Nxe5 d6 4.Nf3 Nxe4 5.c4 Be7 6.d4 d5 7.Bd3 Nc6 8.Nc3 Nf6
9.h3 Nb4 10.Be2 dxc4 11.Bxc4 O-O 12.O-O c6 13.Bg5 Nbd5 14.Ne5 Be6 15.Qb3 Nxc3
16.bxc3 Bxc4 17.Qxc4 Nd5 18.Bxe7 Qxe7 19.Rab1 Nf4 20.Kh2 Rad8 21.Rfe1 Qc7
22.g3 Ng6 23.Nf3 Rd5 24.Kg2 Qd7 25.Qe2 h5 26.h4 Qg4 27.Qe4 Qxe4 28.Rxe4 Rb8
29.Re2 Kf8 30.Reb2 Rd7 31.a4 f6 32.Nd2 Ne7 33.Ne4 Nd5 34.Nc5 Re7 35.c4 Nb6
36.Rb4 Rd8 37.a5 Nc8 38.Rxb7 Rxd4 39.Rxe7 Kxe7 40.Rb8 Rxc4 41.Nd3 Nd6 42.Nf4 Ra4
43.Ng6+ Kf7 44.Nh8+ Ke6 45.Rg8 c5 46.Rxg7 c4 47.Rc7 Rxa5 48.Ng6 Ra2 49.Nf4+ Ke5
50.Kf3 a5 51.Rc5+ Kd4 52.Rd5+ Kc3 53.Rxd6 a4 54.Ne2+ Kc2 55.Rc6 Ra3+ 56.Ke4 Kd2
57.Nd4 c3 58.g4  1/2-1/2

[Event "3rd Asian Indoor Team Rapid Prelim"]
[Site "Ha Long City VIE"]
[Date "2009.11.05"]
[Round "5"]
[White "Muminova,N"]
[Black "Hou Yifan"]
[Result "0-1"]
[WhiteElo "2347"]
[BlackElo "2588"]

1.e4 c5 2.Nf3 e6 3.d4 cxd4 4.Nxd4 Nf6 5.Bd3 Nc6 6.Nb3 d5 7.exd5 Nxd5 8.a3 b6
9.O-O Bb7 10.c4 Nf6 11.Qe2 Bd6 12.Nc3 Ne5 13.Rd1 Qe7 14.c5 bxc5 15.Bb5+ Kf8
16.Be3 Neg4 17.Bg5 h6 18.Bh4 Bxh2+ 19.Kh1 g5 20.Bg3 Bxg3 21.fxg3 Kg7 22.Na5 Qc7
23.Nxb7 Qxg3  0-1

[Event "3rd Asian Indoor Team Rapid Prelim"]
[Site "Ha Long City VIE"]
[Date "2009.11.06"]
[Round "7"]
[White "Hou Yifan"]
[Black "Nakhbayeva,G"]
[Result "1-0"]
[WhiteElo "2588"]
[BlackElo "2201"]

1.e4 c5 2.Nf3 d6 3.d4 cxd4 4.Nxd4 Nf6 5.Nc3 a6 6.Be3 e5 7.Nb3 Be6 8.Qd2 Be7
9.O-O-O O-O 10.f4 Ng4 11.g3 Nxe3 12.Qxe3 Nc6 13.Kb1 Qc7 14.f5 Bxb3 15.cxb3 Nd4
16.Bd3 Rfc8 17.g4 Bf8 18.g5 b5 19.Rhg1 Qa7 20.Nd5 a5 21.Nf6+ Kh8 22.Nxh7 Nxf5
23.Qh3 Nh6 24.gxh6 g6 25.Ng5 a4 26.Qf3  1-0

[Event "3rd Asian Indoor Team Rapid Prelim"]
[Site "Ha Long City VIE"]
[Date "2009.11.06"]
[Round "8"]
[White "Hou Yifan"]
[Black "Alattar,G"]
[Result "1-0"]
[WhiteElo "2588"]
[BlackElo "1875"]

1.e4 d5 2.exd5 Qxd5 3.Nc3 Qa5 4.d4 Nf6 5.Nf3 Bg4 6.Be2 Nbd7 7.h3 Bh5 8.Bf4 e6
9.O-O c6 10.a3 Be7 11.b4 Qf5 12.Bh2 Bxf3 13.Bxf3 O-O 14.g4 Qg6 15.Ne2 h5
16.Bg3 hxg4 17.hxg4 Qh7 18.Kg2 g5 19.c4 Ne4 20.Rh1 Qg6 21.d5 cxd5 22.cxd5 exd5
23.Qxd5 Ndf6 24.Be5 Rad8 25.Qxe4 Qxe4 26.Bxe4 Rd2 27.Bf3 Rfd8 28.Rh6 Kg7
29.Rah1 Rg8 30.Ng3  1-0

[Event "3rd Asian Indoor Team Rapid Final"]
[Site "Ha Long City VIE"]
[Date "2009.11.07"]
[Round "1"]
[White "Hou Yifan"]
[Black "Hoang Thi Bao Tram"]
[Result "1-0"]
[WhiteElo "2588"]
[BlackElo "2286"]

1.e4 e5 2.Bc4 Nf6 3.d3 Nc6 4.Nf3 Bc5 5.c3 d6 6.Bb3 a6 7.h3 Ba7 8.Nbd2 O-O
9.Nf1 Ne7 10.Ng3 Ng6 11.O-O h6 12.d4 Re8 13.Re1 b5 14.Bc2 Bb7 15.a4 Qd7 16.Be3 exd4
17.Bxd4 Bxd4 18.cxd4 c5 19.d5 Qc7 20.Qd2 Rab8 21.Nh2 c4 22.Nf3 Bc8 23.axb5 axb5
24.Nd4 Bd7 25.Ndf5 b4 26.Qd4 Re5 27.Ra7 Qb6 28.Qxb6 Rxb6 29.Ne3 Bb5 30.Rc7 Nf4
31.Rxc4 Bxc4 32.Nxc4 b3 33.Bd1 Nd3 34.Re3 Nxb2 35.Nxb6 Nxd1 36.Rxb3 Nxe4
37.Nc4 Re8 38.Nxe4 Rxe4 39.Nxd6 Re1+ 40.Kh2 Nxf2 41.Rb8+ Kh7 42.Nxf7 Rd1
43.d6 Ne4 44.d7  1-0

[Event "3rd Asian Indoor Team Rapid S/F"]
[Site "Ha Long City VIE"]
[Date "2009.11.07"]
[Round "1"]
[White "Hou Yifan"]
[Black "Muminova,N"]
[Result "1-0"]
[WhiteElo "2588"]
[BlackElo "2347"]

1.e4 e6 2.d4 d5 3.Nc3 Nf6 4.e5 Nfd7 5.f4 c5 6.Nf3 Nc6 7.Be3 Be7 8.Qd2 O-O
9.Be2 a6 10.O-O b5 11.a3 Qb6 12.Nd1 cxd4 13.Nxd4 Nc5 14.Nf2 Nxd4 15.Bxd4 Qc6
16.Bd3 Bb7 17.Ng4 Rac8 18.f5 exf5 19.Bxf5 Ne4 20.Qe3 Bg5 21.Qh3 h6 22.c3 Rcd8
23.e6 Qc7 24.exf7+ Rxf7 25.Be6 Rf8 26.Ne5 Bc8 27.Rxf7 Rxf7 28.Bxf7+ Kh7 29.Be6 Bxe6
30.Qxe6  1-0

[Event "3rd Asian Indoor Team Rapid Final"]
[Site "Ha Long City VIE"]
[Date "2009.11.07"]
[Round "2"]
[White "Le Thanh Tu"]
[Black "Hou Yifan"]
[Result "1/2-1/2"]
[WhiteElo "2344"]
[BlackElo "2588"]

1.d4 Nf6 2.c4 e6 3.g3 d5 4.Nf3 Bb4+ 5.Bd2 Be7 6.Bg2 O-O 7.O-O c6 8.Qb3 b6
9.Nc3 Ba6 10.cxd5 cxd5 11.Bf4 Nc6 12.Rfc1 Rc8 13.Qa4 Bb7 14.Ne5 a6 15.Qd1 Nxe5
16.Bxe5 h6 17.Rc2 Nd7 18.Bf4 b5 19.Rac1 Qa5 20.a3 Rc4 21.Nb1 Rfc8 22.Nd2 Rxc2
23.Rxc2 Qd8 24.Qc1 Rxc2 25.Qxc2 Nb6 26.Nf3 Nc4 27.Ne5 Qb6 28.Nxc4 bxc4 29.Qc3 Bf6
30.Be3 Qb5 31.f4 Qa4 32.Bf3 Bd8 33.Bd2 Bb6 34.e3 f6 35.Bg4 Kf7 36.Bh5+ g6
37.Bf3 Qc6 38.Qc1 Qc7 39.Bc3 Kg7 40.h4 h5 41.Kg2 Qd7 42.Kh2 Qc7 43.Kg2 Qd7
44.Kh2 Qc7  1/2-1/2

[Event "3rd Asian Indoor Team Rapid S/F"]
[Site "Ha Long City VIE"]
[Date "2009.11.07"]
[Round "2"]
[White "Muminova,N"]
[Black "Hou Yifan"]
[Result "0-1"]
[WhiteElo "2347"]
[BlackElo "2588"]

1.e4 c5 2.Nf3 a6 3.c4 d6 4.d4 cxd4 5.Nxd4 Nf6 6.Nc3 b6 7.Bd3 e6 8.O-O Bb7
9.Bg5 Nbd7 10.Qe2 Be7 11.Rad1 Qc7 12.Bb1 Rc8 13.b3 b5 14.cxb5 Qxc3 15.bxa6 Bc6
16.Nxc6 Qxc6 17.Rc1 Qa8 18.Rxc8+ Qxc8 19.Rc1 Qb8 20.Qc4 O-O 21.Qc7 Qb5 22.Bxf6 Bxf6
23.a7 Bd4 24.Rc4 Bb6 25.Qxd6 Bxa7 26.Bd3 Qa5 27.Kf1 Qxa2 28.Rc2 Qa1+ 29.Ke2 Ne5
30.f4 Nxd3 31.Qxd3 h6 32.b4 Qg1 33.Qf3 Rd8 34.Rd2 Rxd2+ 35.Kxd2 Qd4+ 36.Ke2 Qxb4
37.Qd3 Qb2+ 38.Ke1 Qf2+ 39.Kd1 Qxf4  0-1

[Event "6th TCh-CHN"]
[Site "Ningbo CHN"]
[Date "2010.04.16"]
[Round "1"]
[White "Shen Yang"]
[Black "Hou Yifan"]
[Result "1-0"]
[WhiteElo "2444"]
[BlackElo "2570"]

1.d4 Nf6 2.c4 c5 3.d5 e5 4.Nc3 d6 5.e4 Be7 6.h3 Nbd7 7.Nf3 a6 8.Be3 Nf8 9.Qc2 Ng6
10.g3 Bd7 11.Qb3 O-O 12.Be2 h5 13.a4 Nh7 14.O-O-O h4 15.gxh4 Nxh4 16.Rdg1 Rb8
17.Kb1 Ng6 18.h4 Nf4 19.Bf1 Nf6 20.Bxf4 exf4 21.Bh3 b5 22.axb5 axb5 23.cxb5 Nh5
24.Bg4 Bxg4 25.Rxg4 Bf6 26.e5 dxe5 27.Ne4 g6 28.d6 Kh8 29.Nxf6 Qxf6 30.Rg5 Qxd6
31.Nxe5 Qd4 32.Rhg1 Qe4+ 33.Kc1 Ra8 34.Qc3 Ra1+ 35.Kd2 Rd8+ 36.Nd3+ Ng7 37.Rxa1 c4
38.Kc2 cxd3+ 39.Kb3 d2 40.Re5 Qg2 41.Rd1 Qxf2 42.h5 f6 43.Re7 Qb6 44.Qc6 Qd4
45.hxg6 Qd3+ 46.Ka2 f3 47.b6 Qa6+ 48.Kb1 Qd3+ 49.Qc2 Qd6 50.Qe4 Kg8 51.Qc4+ Qd5
52.Qxd5+ Rxd5 53.b7 Rc5  1-0

[Event "FIDE GP w"]
[Site "Nalchik RUS"]
[Date "2010.04.28"]
[Round "3"]
[White "Mkrtchian,L"]
[Black "Hou Yifan"]
[Result "1/2-1/2"]
[WhiteElo "2503"]
[BlackElo "2570"]

1.d4 Nf6 2.c4 c5 3.d5 e6 4.Nc3 exd5 5.cxd5 d6 6.Nf3 g6 7.h3 a6 8.a4 Qe7 9.Bf4 Nbd7
10.Nd2 Ne5 11.e4 Bg7 12.Be2 O-O 13.O-O h6 14.Re1 Rb8 15.Bh2 g5 16.Nf1 Bd7
17.a5 Rfe8 18.Ne3 Qf8 19.Rb1 Qe7 20.b4 Qd8 21.Qb3 b5 22.axb6 Rxb6 23.Qa3 cxb4
24.Rxb4 Rxb4 25.Qxb4 a5 26.Qxd6 Bf8 27.Qa6 Bb4 28.Rc1 Ng6 29.f3 Ba3 30.Rb1 Bc5
31.Nd1 Qe7 32.Kh1 a4 33.d6 Qf8 34.Bc4 a3 35.Ba2 Nf4 36.Nc4 Be6 37.e5 Nd7
38.Qa5 Bxc4 39.Bxc4 Rxe5 40.Nc3 Bxd6 41.Qa6 Nf6 42.Nb5 Ne8 43.Ra1 Qe7 44.Nxd6 Nxd6
45.Bf1 Nf5 46.Rxa3 Re1 47.Ra1 Kg7 48.Qa5 Rxa1 49.Qxa1+ Qf6 50.Qxf6+ Kxf6
51.Bxf4 gxf4 52.Kg1 Ke5 53.Kf2 Kd4 54.Bb5 f6 55.Ba6 h5 56.Bb5 h4 57.Ba6 Kc3
58.Bb5 Kd2 59.Bd7 Ne3 60.Ba4 Nc4 61.Bb5 Nb2 62.Be2 Na4 63.Bc4 Nc3 64.Bb3 Kd3
65.Be6 Nd1+ 66.Ke1 Ne3 67.Kf2 Nd1+ 68.Ke1 Nb2 69.Bd7 Kc3  1/2-1/2

[Event "4th All China Games Rapid"]
[Site "Hefei CHN"]
[Date "2010.05.17"]
[Round "1"]
[White "Lou Yiping"]
[Black "Hou Yifan"]
[Result "1/2-1/2"]
[WhiteElo "2433"]
[BlackElo "2589"]

1.Nf3 Nf6 2.g3 e6 3.Bg2 d5 4.O-O b5 5.d4 c5 6.b3 Bb7 7.c4 bxc4 8.bxc4 dxc4
9.Na3 cxd4 10.Nxc4 Bc5 11.Ba3 Be7 12.Rb1 Be4 13.Bxe7 Qxe7 14.Qa4+ Nbd7 15.Nxd4 Bxg2
16.Kxg2 O-O 17.Rfc1 Nb6 18.Nxb6 axb6 19.Qc6 Rxa2 20.Qxb6 h6 21.Qc7 Qxc7 22.Rxc7 Rd2
23.Rc4 Ra8 24.Re1 Raa2 25.Kf1 Nd5 26.Nb3 Rdc2 27.Rxc2 Rxc2 28.Rc1 Rxc1+  1/2-1/2

[Event "4th All China Games Rapid"]
[Site "Hefei CHN"]
[Date "2010.05.17"]
[Round "2"]
[White "Hou Yifan"]
[Black "Shen Yang"]
[Result "1/2-1/2"]
[WhiteElo "2589"]
[BlackElo "2452"]

1.e4 e5 2.Nf3 Nc6 3.Bb5 Nf6 4.O-O Nxe4 5.d4 Nd6 6.Bxc6 dxc6 7.dxe5 Nf5 8.Qxd8+ Kxd8
9.Nc3 Bd7 10.h3 h6 11.Bf4 Kc8 12.Rad1 Be6 13.a3 Ne7 14.Bh2 c5 15.Rd2 b6 16.Ne2 g5
17.Ng3 Ng6 18.Nh5 c4 19.c3 g4 20.Nd4 gxh3 21.Nxe6 hxg2 22.Kxg2 fxe6 23.Rd4 b5
24.Rg4 Ne7 25.Nf4 h5 26.Rh4 Nf5 27.Rxh5 Rxh5 28.Nxh5 a5 29.Nf4 Ra6 30.Kf3 Bh6
31.Ne2 b4 32.Rg1 Rb6 33.Rg4 Rc6 34.Bf4 Bxf4 35.Nxf4 Kd7 36.Ke4 Ne7 37.Rg7 Ke8
38.Rh7 Rb6 39.axb4 axb4 40.Rh8+ Kd7 41.Rh1 bxc3 42.bxc3 c5 43.Rd1+ Ke8 44.Rd6 Rb2
45.Rxe6 Kd7 46.Rd6+ Ke8 47.f3 Rc2 48.Re6 Kf7 49.Rh6 Rc1 50.Rh7+ Ke8 51.Ne2 Rc2
52.Rh2 Rd2 53.f4 Nd5 54.Rh8+ Kf7 55.Rc8 Ne7 56.Rxc5 Rxe2+ 57.Kf3 Rc2 58.Rxc4 Ke6
59.Ke4 Re2+ 60.Kf3 Re1 61.Re4 Rc1 62.Rc4  1/2-1/2

[Event "4th All China Games Rapid"]
[Site "Hefei CHN"]
[Date "2010.05.18"]
[Round "3"]
[White "Du Shan"]
[Black "Hou Yifan"]
[Result "0-1"]
[WhiteElo "2378"]
[BlackElo "2589"]

1.e4 e6 2.d3 d5 3.Nd2 Nf6 4.g3 c5 5.Bg2 Nc6 6.Ne2 Be7 7.O-O O-O 8.h3 b5 9.f4 b4
10.g4 dxe4 11.dxe4 Ba6 12.Re1 Qb6 13.Ng3 Rad8 14.Kh2 c4 15.c3 Rd3 16.Qe2 bxc3
17.bxc3 Rxc3 18.Rb1 Qc7 19.Nf3 Rd8 20.g5 Ne8 21.e5 Nb4 22.Ne4 Rc2 23.Qf1 c3
24.Qg1 Nd3 25.Re3 Nxf4 26.Rxc3 Rxc3 27.Bxf4 Rc2 28.Nd4 Rxg2+ 29.Kxg2 Bb7
30.Qe3 Bc5 31.Rd1 Qb6 32.Nxe6 Bxe3 33.Rxd8 Bxe4+  0-1

[Event "4th All China Games Rapid"]
[Site "Hefei CHN"]
[Date "2010.05.18"]
[Round "4"]
[White "Hou Yifan"]
[Black "Lin Chen"]
[Result "1/2-1/2"]
[WhiteElo "2589"]
[BlackElo "2448"]

1.e4 c5 2.Nf3 Nf6 3.Nc3 d5 4.exd5 Nxd5 5.g3 Nc6 6.Bg2 Bg4 7.h3 Bh5 8.O-O e6
9.Re1 Nxc3 10.bxc3 Be7 11.Rb1 Qd7 12.d4 cxd4 13.g4 Bg6 14.Bf4 d3 15.cxd3 O-O
16.Ne5 Nxe5 17.Rxb7 Qxd3 18.Bxe5 Bc5 19.Rd7 Qxd1 20.Rexd1 Rac8 21.Bb7 Rce8
22.c4 Bc2 23.R1d2 Ba4 24.R7d3 f6 25.Bd6 Rf7 26.Be4 Bxd6 27.Rxd6 Rc7 28.R2d4 e5
29.Rd2 h6 30.Ra6 Bd7 31.c5 Kf8 32.Rad6 Ke7 33.c6 Be6 34.Kh2 Rb8 35.R6d3 Rb4
36.f3 g6 37.a3 Rb3 38.Rxb3 Bxb3 39.Rb2 Bf7 40.Rb7 Kd6 41.Rb8 f5 42.gxf5 gxf5
43.Bxf5 Rxc6 44.Rd8+ Kc5 45.Rd7 Rf6 46.Be4 a6 47.Kg3 Bc4 48.h4 Rd6 49.Rh7 Bd5
50.Bxd5 Kxd5 51.Kg4 Rf6 52.h5 Kd4 53.Re7 a5 54.Rb7 Kc4 55.a4 Rf4+ 56.Kg3  1/2-1/2

[Event "4th All China Games Rapid"]
[Site "Hefei CHN"]
[Date "2010.05.18"]
[Round "5"]
[White "Lin Weiguo"]
[Black "Hou Yifan"]
[Result "1/2-1/2"]
[WhiteElo "2440"]
[BlackElo "2589"]

1.c4 e6 2.Nc3 d5 3.d4 Bb4 4.a3 Bxc3+ 5.bxc3 c6 6.e3 Nf6 7.Bd3 O-O 8.Nf3 b6
9.O-O Ba6 10.Nd2 Nbd7 11.a4 Re8 12.a5 Qc8 13.Qc2 e5 14.Rd1 c5 15.cxd5 cxd4
16.Bxa6 Qxa6 17.cxd4 exd4 18.Qc4 Qxc4 19.Nxc4 Nxd5 20.Rxd4 N5f6 21.Ba3 bxa5
22.Nxa5 Ne5 23.h3 h5 24.Bd6 Rac8 25.Nb7 Rc2 26.Rb1 Nc4 27.Bc5 Ne4 28.Bxa7 Na3
29.Rb3 Rc1+ 30.Kh2 Nc2 31.Rxe4 Rxe4 32.Nd6 Ra4 33.Rb8+ Kh7 34.Rb7 h4 35.Nxf7 Raa1
36.g4 Rh1+ 37.Kg2 Rhg1+ 38.Kf3 Rgb1 39.Rc7 Rc1 40.Re7 Ra2 41.Kf4 Ra4+ 42.e4 Ra6
43.g5 Nb4 44.Be3 Rc8 45.Ne5 Ra4 46.g6+ Kg8 47.Kg5 Nc2 48.Ng4 Kf8 49.Rf7+ Kg8
50.Re7 Kf8 51.Rf7+ Kg8 52.Bf4 Nd4 53.Be5 Ne6+ 54.Kxh4 Rxe4 55.Re7 Rc6 56.f4 Kf8
57.Rf7+ Ke8 58.Bxg7 Nxf4 59.Nf6+ Rxf6 60.Rxf6 Ne6+ 61.Kg3 Nxg7 62.Rf7 Re7
63.Rxe7+  1/2-1/2

[Event "4th All China Games Rapid"]
[Site "Hefei CHN"]
[Date "2010.05.18"]
[Round "6"]
[White "Hou Yifan"]
[Black "Xu Yuhua"]
[Result "1/2-1/2"]
[WhiteElo "2589"]
[BlackElo "2484"]

1.e4 e6 2.d4 d5 3.Nd2 dxe4 4.Nxe4 Nd7 5.Nf3 Ngf6 6.Nxf6+ Nxf6 7.Bd3 c5 8.O-O cxd4
9.Nxd4 Bc5 10.Nf3 O-O 11.Qe2 h6 12.Bf4 b6 13.Rad1 Qe7 14.a3 a5 15.c3 Bb7
16.Ne5 Bd5 17.b4 axb4 18.axb4 Ra2 19.Bc2 Bd6 20.Rd2 Qc7 21.Rc1 b5 22.Bg3 Rc8
23.h3 Ne4 24.Bxe4 Rxd2 25.Qxd2 Bxe4 26.Qd4 Bd5 27.Bf4 Qb7 28.Nd3 Rc4 29.Qe3 Bxf4
30.Nxf4 Qc6 31.f3 Qa8 32.Rd1 Rc8 33.Qd4 Rc4 34.Qe3 Rc8 35.Qe5 Qa7+ 36.Kh1 Bc4
37.Nh5 f6 38.Qg3 Kh7 39.Qf4 Qf7 40.Ng3 Bb3 41.Rd3 Qg6 42.Ne4 Bc2 43.Re3 Rc4
44.Re2 f5 45.Rxc2 fxe4 46.fxe4 Rxe4 47.Qf2 Qf5 48.Qxf5+ exf5 49.Rd2 Re3 50.Rd5 f4
51.Rxb5 Rxc3 52.Kg1 Rc2 53.Rc5 Rb2 54.b5 g5 55.Rd5 Kg7 56.Rc5  1/2-1/2

[Event "4th All China Games Rapid"]
[Site "Hefei CHN"]
[Date "2010.05.19"]
[Round "7"]
[White "Ruan Lufei"]
[Black "Hou Yifan"]
[Result "0-1"]
[WhiteElo "2474"]
[BlackElo "2589"]

1.e4 c5 2.Nf3 e6 3.d4 cxd4 4.Nxd4 Nf6 5.Nc3 d6 6.Be2 a6 7.O-O Qc7 8.a4 b6
9.f4 Bb7 10.Bf3 Nbd7 11.Kh1 Be7 12.Qe2 Rb8 13.Bd2 O-O 14.g4 Rfc8 15.g5 Ne8
16.f5 e5 17.Nb3 b5 18.axb5 axb5 19.Ra7 Qd8 20.f6 Bf8 21.Bg4 Rc7 22.Nxb5 Rxc2
23.Qd3 Ndxf6 24.Bf3 Rcc8 25.Ba5 Qd7 26.gxf6 Nxf6 27.Bb6 Qe6 28.Bc7 Nxe4 29.Bxb8 Ng3+
30.Kg1 Bxf3 31.Rxf3 e4 32.Qe3 exf3 33.Qxe6 fxe6 34.Bc7 Ne4 35.N3d4 f2+ 36.Kf1 Be7
37.Nc3 Bf6 38.Ndb5 Nxc3 39.bxc3 d5 40.Rb7 h5 41.Rb8 Rxb8 42.Bxb8 Kf7 43.Kxf2 Kg6
44.Ke3 Kg5 45.Kd3 Kg4 46.Bd6 g5 47.Nc7 Kf5 48.Ne8 Bh8 49.Bg3 h4 50.Bc7 Kg4
51.Bd6 Kf5 52.Bc7 e5 53.Nd6+ Ke6 54.Nb5 Bf6 55.Bb8 Kf5 56.Bd6 g4 57.Nc7 g3
58.h3 g2 59.Bc5 d4  0-1

[Event "4th All China Games Rapid"]
[Site "Hefei CHN"]
[Date "2010.05.19"]
[Round "8"]
[White "Hou Yifan"]
[Black "Ju Wenjun"]
[Result "1/2-1/2"]
[WhiteElo "2589"]
[BlackElo "2500"]

1.e4 c5 2.Nf3 d6 3.d4 cxd4 4.Nxd4 Nf6 5.Nc3 a6 6.a4 e5 7.Nf3 Be7 8.Bg5 Be6
9.Bxf6 Bxf6 10.Nd5 Nd7 11.Bc4 Rc8 12.b3 Bg5 13.O-O O-O 14.Nxg5 Qxg5 15.Ne3 Qe7
16.Re1 Nf6 17.Qd3 Rfd8 18.a5 g6 19.Bxe6 Qxe6 20.c4 Kg7 21.Ra4 Rc5 22.h3 Qc8
23.Ra2 Rc6 24.Rf1 b5 25.f4 bxc4 26.bxc4 exf4 27.Rxf4 Nd7 28.Raf2 Ne5 29.Qc3 Rf8
30.Kh2 Qd8 31.Rf1 Rc5 32.Qd4 Rc6 33.Rf6 Qxa5 34.Rxd6 Qc5 35.Qxc5 Rxc5 36.Rxa6 Nxc4
37.Nxc4 Rxc4  1/2-1/2

[Event "4th All China Games Rapid"]
[Site "Hefei CHN"]
[Date "2010.05.19"]
[Round "9"]
[White "Wang Zili"]
[Black "Hou Yifan"]
[Result "1-0"]
[WhiteElo "2492"]
[BlackElo "2589"]

1.e4 c5 2.Nf3 d6 3.d4 cxd4 4.Nxd4 Nf6 5.Nc3 a6 6.Be2 e6 7.Be3 Qc7 8.a4 b6
9.f4 Bb7 10.Bf3 Nbd7 11.Qe2 Be7 12.O-O O-O 13.g4 Nc5 14.Qg2 d5 15.exd5 Nxd5
16.Nxd5 Bxd5 17.Bxd5 exd5 18.Qxd5 Rfe8 19.Qc6 Qxc6 20.Nxc6 Bf6 21.Bd4 Rac8
22.Bxf6 Rxc6 23.Bh4 h5 24.gxh5 Re4 25.a5 bxa5 26.Rxa5 Ne6 27.c3 Nxf4 28.Bg3 Ne6
29.Raf5 Re2 30.Rxf7 Rxb2 31.h6 gxh6 32.Ra7 Ng5 33.Rd1 Nf7 34.Rdd7 Rf6 35.c4 Rc2
36.Rdc7 h5 37.Ra8+ Kh7 38.Be5 Rc1+ 39.Kg2 Rc2+ 40.Kg3 Rxc4 41.Rxc4 Nxe5 42.Rc7+ Kg6
43.Rca7 Rf3+ 44.Kg2 Rb3 45.Rxa6+ Kf5 46.Rf8+ Ke4 47.Ra4+ Kd3 48.Rf5 Ng4 49.Rxh5 Ne3+
50.Kf3 Nc4 51.Kf4 Nb6 52.Rh3+  1-0

[Event "4th All China Games Rapid"]
[Site "Hefei CHN"]
[Date "2010.05.20"]
[Round "10"]
[White "Hou Yifan"]
[Black "Zhou Weiqi"]
[Result "1/2-1/2"]
[WhiteElo "2589"]
[BlackElo "2585"]

1.e4 c6 2.Ne2 d5 3.e5 c5 4.d4 Nc6 5.c3 Bf5 6.dxc5 e6 7.b4 a5 8.Nd4 axb4 9.cxb4 Nge7
10.Bb5 Qc7 11.O-O Bg6 12.Nc3 Nf5 13.Nxf5 Bxf5 14.Ba4 Qxe5 15.Bb2 Be7 16.Re1 Qf4
17.a3 O-O 18.Nxd5 exd5 19.Bxc6 Bxc5 20.bxc5 bxc6 21.Re3 Rfe8 22.Qd4 Qxd4
23.Bxd4 Rxe3  1/2-1/2

[Event "4th All China Games Rapid"]
[Site "Hefei CHN"]
[Date "2010.05.20"]
[Round "11"]
[White "Ma Qun"]
[Black "Hou Yifan"]
[Result "0-1"]
[WhiteElo "2366"]
[BlackElo "2589"]

1.e4 c5 2.Nf3 e6 3.c3 Nf6 4.e5 Nd5 5.d4 cxd4 6.cxd4 d6 7.Bd3 Nc6 8.O-O Be7
9.Qe2 Ndb4 10.Bc4 Na5 11.Bb5+ Bd7 12.Nc3 d5 13.a3 Bxb5 14.Qxb5+ Nbc6 15.Rb1 O-O
16.b3 a6 17.Qd3 Rc8 18.Ne2 h6 19.Nf4 Na7 20.Bd2 N5c6 21.b4 Qd7 22.Nh5 f5
23.exf6 Bxf6 24.Rfe1 Qf7 25.Nf4 Rfe8 26.a4 b5 27.h4 bxa4 28.Qxa6 Nxd4 29.Nxd4 Bxd4
30.Qxa4 Rf8 31.Be3 Rc4 32.Rf1 Nc6 33.Nh3 Nxb4 34.Qd1 Bxe3 35.fxe3 Qxf1+ 36.Qxf1 Rxf1+
37.Kxf1 Rxh4 38.Ke2 Re4 39.Nf2 Rc4 40.Ra1 Nc6 41.Nd3 Rc2+ 42.Kf3 e5 43.Nf2 h5
44.Nh3 Kf7 45.Ra8 Rc3 46.Kf2 Ne7 47.Ng5+ Kf6 48.Nf3 Rc2+ 49.Kg1 Rc8 50.Ra7 Nc6
51.Rb7 e4 52.Nd2 Ne7 53.Rb6+ Rc6 54.Rb5 Rc3 55.Kf2 Rd3 56.Nf1 Nf5 57.Rb6+ Kg5
58.Re6 g6 59.g3 Ra3  0-1

[Event "TCh-CHN"]
[Site "Shenzhan CHN"]
[Date "2010.06.07"]
[Round "4"]
[White "Ning Chunhong"]
[Black "Hou Yifan"]
[Result "0-1"]
[WhiteElo "2347"]
[BlackElo "2570"]

1.d4 Nf6 2.Nf3 e6 3.Bg5 h6 4.Bh4 b6 5.e3 Bb7 6.Nbd2 d6 7.c3 Nbd7 8.h3 Be7
9.Qa4 a6 10.Bd3 O-O 11.O-O c5 12.Qc2 Rc8 13.Rfe1 Nd5 14.Bg3 cxd4 15.exd4 Nb4
16.Bh7+ Kh8 17.Qb1 Nf6 18.Bg6 Nbd5 19.Bc2 Qd7 20.Qd1 Nh5 21.Bh2 Ndf4 22.Be4 Bxe4
23.Rxe4 g5 24.Nf1 Qb5 25.N3d2 Nf6 26.c4 Qxb2 27.Rb1 Qxa2 28.Re3 Qa5 29.Reb3 b5
30.cxb5 axb5 31.Rxb5 Qc3 32.Nf3 N6d5 33.R5b3 Qc6 34.Ne3  0-1

[Event "TCh-CHN"]
[Site "Shenzhan CHN"]
[Date "2010.06.08"]
[Round "5"]
[White "Hou Yifan"]
[Black "Zhang Xiaowen"]
[Result "1-0"]
[WhiteElo "2570"]
[BlackElo "2437"]

1.e4 e6 2.d4 d5 3.Nd2 Nf6 4.e5 Nfd7 5.Bd3 c5 6.c3 Nc6 7.Ne2 cxd4 8.cxd4 f6
9.exf6 Nxf6 10.Nf3 Qc7 11.O-O Bd6 12.Bd2 O-O 13.Rc1 Ng4 14.Ng3 g6 15.Bc3 Qe7
16.Qe2 Bd7 17.a3 Rae8 18.h3 Nh6 19.Ne5 Nxe5 20.dxe5 Bc5 21.Bd2 Nf5 22.Qg4 Rc8
23.Nh5 Kh8 24.Nf6 Qf7 25.Kh1 Bb6 26.Rce1 Bc6 27.Qb4 Bd8 28.Bg5 Be7 29.Qd2 Nd6
30.Nxh7 Kxh7 31.exd6 Bxd6 32.Qe2 e5 33.Qh5+ Kg8 34.Bxg6 Qd7 35.f4 e4 36.f5  1-0

[Event "TCh-CHN"]
[Site "Shenzhan CHN"]
[Date "2010.06.09"]
[Round "6"]
[White "Hou Yifan"]
[Black "Pham Le Thao Nguyen"]
[Result "1-0"]
[WhiteElo "2570"]
[BlackElo "2338"]

1.e4 Nf6 2.Nc3 e5 3.f4 d5 4.exd5 exf4 5.Bc4 Nbd7 6.d3 Nb6 7.Bxf4 Bg4 8.Bb5+ Nbd7
9.Nf3 Bb4 10.Qe2+ Qe7 11.Bxd7+ Bxd7 12.Qxe7+ Kxe7 13.Bg5 Kd6 14.O-O Bxc3
15.bxc3 Nxd5 16.c4 f6 17.Bd2 Nb6 18.Bf4+ Ke7 19.Bxc7 Bc6 20.Rfb1 Nc8 21.Nd4 Kd7
22.Bg3 Re8 23.a4 g6 24.Nxc6 Kxc6 25.d4 b6 26.a5 Re2 27.axb6 Nxb6 28.d5+ Kc5
29.Rb5+ Kxc4 30.Rxb6 axb6 31.Rxa8 Kxd5 32.Rc8 h5 33.c4+ Kd4 34.Bf2+ Kd3 35.Bxb6 Rb2
36.c5 g5 37.h3 f5 38.Rd8+ Ke4 39.c6 g4 40.hxg4 hxg4 41.Re8+  1-0

[Event "TCh-CHN"]
[Site "Shanghai CHN"]
[Date "2010.07.24"]
[Round "7"]
[White "Tan Zhongyi"]
[Black "Hou Yifan"]
[Result "1/2-1/2"]
[WhiteElo "2464"]
[BlackElo "2570"]

1.c4 e6 2.Nc3 d5 3.cxd5 exd5 4.d4 Bb4 5.Nf3 Nf6 6.Bg5 h6 7.Bh4 c5 8.e3 c4
9.Qa4+ Nc6 10.Ne5 Qa5 11.Qxa5 Bxa5 12.f3 Nxe5 13.dxe5 Nd7 14.O-O-O Bxc3 15.bxc3 Nxe5
16.Rxd5 f6 17.Bg3 Nd3+ 18.Bxd3 cxd3 19.Rxd3 Be6 20.Kb2 Ke7 21.Rhd1 Rhc8 22.Rd4 Rc4
23.Bd6+ Ke8 24.Rxc4 Bxc4 25.Bc5 Rc8 26.Bd4 Rc6 27.a3 Ra6 28.e4 Ra5 29.Re1 Kf7
30.f4 Bd3 31.Re3 Bc4 32.e5 Rb5+ 33.Kc1 Ra5 34.f5 fxe5 35.Bxe5 h5 36.Kb2 Bf1
37.g3 Bh3 38.Bd6 Rb5+ 39.Kc1  1/2-1/2

[Event "TCh-CHN"]
[Site "Shanghai CHN"]
[Date "2010.07.25"]
[Round "8"]
[White "Hou Yifan"]
[Black "Wang Yu A"]
[Result "1-0"]
[WhiteElo "2570"]
[BlackElo "2335"]

1.e4 e5 2.Nf3 Nc6 3.Bb5 a6 4.Ba4 Nf6 5.O-O b5 6.Bb3 Bc5 7.c3 d6 8.d3 h6 9.Be3 Bg4
10.Nbd2 Qd7 11.h3 Bxe3 12.fxe3 Be6 13.Bc2 d5 14.exd5 Nxd5 15.Qe1 O-O 16.Ne4 Qe7
17.d4 Rae8 18.Nc5 Bc8 19.Qf2 Qd6 20.Rae1 Re7 21.Nh4 Rfe8 22.Bf5 exd4 23.exd4 Rxe1
24.Rxe1 Rxe1+ 25.Qxe1 Bxf5 26.Nxf5 Qf6 27.Qe8+ Kh7 28.Qe4 g6 29.Qxd5 gxf5
30.Nd7 Qe7 31.Qxc6 Qe3+ 32.Kh2 Qf4+ 33.g3  1-0